LIBRARY & INFORMATION CENTRE, KCAET, TAVANUR

ONLINE PUBLIC ACCESS CATALOGUE (OPAC)

Sewage disposal and air pollution engineering / (Record no. 9431)

MARC details
000 -LEADER
fixed length control field 00524cam a2200205ua 4500
041 ## - LANGUAGE CODE
Language code of text/sound track or separate title eng
082 ## - DEWEY DECIMAL CLASSIFICATION NUMBER
Classification number 628.3
Item number SAN/SE
100 ## - MAIN ENTRY--AUTHOR NAME
Personal name Santhosh kumar, Garg .
245 ## - TITLE STATEMENT
Title Sewage disposal and air pollution engineering /
250 ## - EDITION STATEMENT
Edition statement 8 /
260 ## - PUBLICATION, DISTRIBUTION, ETC. (IMPRINT)
Place of publication Delhi :
Name of publisher Khanna publishers ,
Year of publication 1992.
300 ## - PHYSICAL DESCRIPTION
Number of Pages 696 ; .
500 ## - GENERAL NOTE
General note * CSS
700 1# - ADDED ENTRY--PERSONAL NAME
Personal name Rajeswari, Garg .
942 ## - ADDED ENTRY ELEMENTS (KOHA)
Koha item type Books
Holdings
Withdrawn status Lost status Damaged status Home library Current library Shelving location Date acquired Full call number Accession Number Koha item type
      KAUAET KAUAET Scheme 14/09/2018 628.3 SAN/SE 18322 Book Bank scheme for SC students
free website counter